00413nam a2200133 a 450000100080000000500110000800800410001924501150006026000330017530000100020850000390021865000130025765000090027021588722023-11-29 2023 bl uuuu u0uu1 u #d aBRS cultivares de sojabCentro-Sul do Brasil: macrorregiões 1, 2 e 3 e RECs 401 e 402.h[electronic resource] aLondrina: Embrapa Sojac2023 a68 p. aCatálogo 02/2023 - novembro/2023. aSoybeans aSoja